00833cam a22002297a 4500003000500000005001700005008004100022010001000063011001000073035001000083040000900093100003700102245015200139260004100291300001100332502011200343650004600455650002800501650002300529650001200552700003900564CHAP20220817043656.0000524d2000 mx r 00110 spa d a81291 a82263 a92752 cCHAP00aSánchez Velázquez, Plutarco.10aAnálisis y evaluación del Plan Integral de Desarrollo de la Tribu Yaquic/por Plutarco Sánchez Velázquez y José Atanagildo Turriza Zapata aChapingo, Méx. :bEl autor,c2000. a115 h. aTesis (Ing. Agr. Esp. en Economía Agrícola) -- UACH. División de Ciencias Económico Administrativas14aDesarrollo de la comunidad ruralxSonora.14aDesarrollo económico.14aDesarrollo social.14aYaquis.0 aTurriza Zapata, José Atanagildo.